01436nam a2200277ui 4500001001900000003000600019008004100025020001800066035002400084040004000108041000800148050002100156100003500177245004900212260004900261300005600310520058600366650002900952650002100981650002401002650003301026650002101059650003201080650003201112655001401144991027218392607026UkOxU250220s2025 enk|||| | |||| ||eng d a9780241651292 a(StEdALDL)1/4615796 aStEdALDLbengerdacStEdALDLdUkOxU aeng aHD53b.D355 2025 aDailey, Carolynd1959-eauthor04aThe creative entrepreneurc/ Carolyn Dailey. aLondon :bDorling Kindersley Limited,c2025. a223 pages : billustrations (some color) ; c23 cm. aDiscover the secrets to building a thriving creative business and unleashing your full creative potential with The Creative Entrepreneur. Learn from ten of the world’s most inspiring entrepreneurs, including Grammy winner Nile Rodgers and Emmy-winning producer Andy Harries (The Crown), as they share their stories, actionable advice, and recommendations to help you succeed in business and fuel your life potential. Unlock your creativity and transform your career with a new, mission-driven perspective from these industry icons in design, fashion, art, film, music, and more. 0aNew business enterprises 0aEntrepreneurship 0aSuccess in business 0aCreative ability in business 0aArt and business 0aSmall business xManagement 0aEntrepreneurshipvAnecdotes 0aAnecdotes